Statistics for 30 most expensive football transfers

Click here to take the quiz!

General Stats

  • This quiz has been taken 303 times
  • The average score is 20 of 30

Answer Stats

PlayerCostYearFromToNationality% Correct
Cristiano Ronaldo€94.42009 Manchester United Real MadridPortugal
100%
Ronaldo€ 462002 Inter Real MadridBrazil
100%
Gareth Bale€ 1002013 Tottenham Hotspur Real MadridWales
99%
Luis Suárez€ 942014 Liverpool BarcelonaUruguay
99%
Zlatan Ibrahimovic€ 692009 Inter BarcelonaSweden
95%
James Rodríguez€79.52014 AS Monaco Real MadridColombia
92%
James Rodríguez€ 452013 Porto AS MonacoColombia
92%
Zinedine Zidane€ 752001 Juventus Real MadridFrance
92%
Ángel Di María€ 752014 Real Madrid Manchester UnitedArgentina
91%
Edinson Cavani€ 642013 Napoli Paris Saint GermainUruguay
88%
Luís Figo€ 622000 Barcelona Real MadridPortugal
87%
Kakဠ652009 Milan Real MadridBrazil
83%
Fernando Torres€ 582011 Liverpool ChelseaSpain
82%
Radamel Falcao€ 602013 Atlético Madrid AS MonacoColombia
82%
David Luiz€62.62014 Chelsea Paris Saint GermainBrazil
73%
Mesut Özil€ 502013 Real Madrid ArsenalGermany
72%
Sergio Agüero€ 452011 Atlético Madrid Manchester CityArgentina
69%
Hulk€44.72012 Porto Zenit Saint PetersburgBrazil
55%
Gianluigi Buffon€ 452001 Parma JuventusItaly
53%
Juan Mata€44.82014 Chelsea Manchester UnitedSpain
50%
Alexis Sánchez€ 442014 Barcelona ArsenalChile
47%
Hernán Crespo€56.52000 Parma LazioArgentina
46%
Andriy Shevchenko€43.782006 Milan ChelseaUkraine
40%
Carlos Tevez€ 532009 MSI Manchester CityArgentina
38%
Thiago Silva€44.42012 Milan Paris Saint GermainBrazil
37%
Lucas Moura€ 452013 São PauloParis Saint GermainBrazil
28%
Rio Ferdinand€44.82002 Leeds United Manchester UnitedEngland
26%
Rui Costa€49.72001 Fiorentina MilanPortugal
25%
Gaizka Mendieta€ 482001 Valencia LazioSpain
19%
Christian Vieri€ 431999 Lazio InterItaly
17%

Score Distribution

Percentile by Number Answered

Percent of People with Each Score

Your Score History

You have not taken this quiz